L'Eglise dans le monde / [por] N. A. Nissiotis, P. Maury [y] P-A. Liege

I tiakina i:
Ngā taipitopito rārangi puna kōrero
Kaituhi matua: Nissiotis, N. A. (autor)
Ētahi atu kaituhi: I. Maury, P., coaut. II. P-A., Liege, coaut. (autor) (autor)
Hōputu: Pukapuka
Rangatū:Eglise en Dialogue ; 2
Ngā marau:
Ngā Tūtohu: Tāpirihia he Tūtohu
Kāore He Tūtohu, Me noho koe te mea tuatahi ki te tūtohu i tēnei pūkete!

MARC

LEADER 00000nam^a2200000^u^4500
001 000545045
005 20250521000000.0
008 060220s1000^^^^^^^^^^^^r^^^^^000^0^spa^d
009 20260310131341.335
035 |a FMI 000014398 
037 |a Acervo Xavier Clavigero 
096 |a 5.4/73/B 
100 |a Nissiotis, N. A.  |e (autor) 
245 1 0 |a L'Eglise dans le monde / [por] N. A. Nissiotis, P. Maury [y] P-A. Liege 
264 |a Paris : Mame, 1966 
300 |a 179 p. 
336 |a texto  |b txt  |2 rdacontenido 
337 |a sin mediación  |b n  |2 rdamedio 
338 |a volumen  |b nc  |2 rdasoporte 
440 0 |a Eglise en Dialogue ; 2 
649 |a XX 
650 |a Eclesiología 
700 |a I. Maury, P., coaut. II. P-A., Liege, coaut.  |e (autor) 
910 |a Fondo Francisco Migoya Covarrubias S.J. 
920 |a Impresos - Libros 
930 |a Fondos Especiales 
905 |a 134 
901 |a SBC12217  |b IT2  |c ESP  |u 20250521 
902 |a https://opac.biblio.iteso.mx/vufind/Record/000545045